[Event "Open Mediterranean 2017"]
[Site "Rijeka CRO"]
[Date "2009.11.29"]
[Round "3.27"]
[White "Urukalovic, Roman"]
[Black "Steinhart, Christoph"]
[Result "1-0"]
[WhiteElo "2237"]
[BlackElo "2045"]
[PlyCount "56"]
[EventDate "2009.11.28"]
[EventType "swiss"]
[EventRounds "9"]
[EventCountry "CRO"]
[Source "lmi"]
[SourceDate "2009.11.28"]

1. e4 e6 2. d4 d5 3. Nd2 c5 4. Ngf3 cxd4 5. Nxd4 dxe4 6. Nxe4 Nf6 7. Nxf6+ Qxf6
8. Bb5+ Nd7 9. O-O Be7 10. Re1 O-O 11. Nf3 Nb6 12. Bg5 Qxb2 13. Bxe7 Qxb5 14.
Bxf8 Kxf8 15. Qd6+ Ke8 16. Qg3 Kf8 17. Ng5 Qf5 18. Qd6+ Ke8 19. Ne4 Qa5 20. Qd4
f6 21. Nd6+ Ke7 22. Rad1 Bd7 23. Nxb7 Qxa2 24. Qc5+ Kf7 25. Qc7 Kg8 26. Rxd7
Nxd7 27. Qxd7 Qxc2 28. Qxe6+ Kf8 1-0

[Event "Open Mediterranean 2017"]
[Site "Rijeka CRO"]
[Date "2009.11.29"]
[Round "3.28"]
[White "Klasan, Elvis"]
[Black "Muslija, Idris"]
[Result "0-1"]
[WhiteElo "2066"]
[BlackElo "2223"]
[PlyCount "72"]
[EventDate "2009.11.28"]
[EventType "swiss"]
[EventRounds "9"]
[EventCountry "CRO"]
[Source "lmi"]
[SourceDate "2009.11.28"]

1. e4 c5 2. Nf3 e6 3. c3 Nf6 4. d3 d6 5. Bf4 Be7 6. Be2 Nbd7 7. Nbd2 Nf8 8. h3
Ng6 9. Bh2 O-O 10. O-O b6 11. Ne1 e5 12. c4 Ne8 13. g4 Nc7 14. Ng2 Ne6 15. f4
Ngxf4 16. Bxf4 Nxf4 17. Nxf4 exf4 18. Rxf4 Bf6 19. Qc2 Be5 20. Rf3 h5 21. gxh5
Qg5+ 22. Kh1 Qxh5 23. Bf1 Bg4 24. Bg2 Bxf3 25. Nxf3 Rae8 26. Rf1 Re6 27. Qd2
Rf6 28. b3 Rf4 29. b4 f5 30. exf5 R8xf5 31. Nh2 Qg5 32. Bd5+ Kf8 33. Rg1 Qh6
34. Bg2 Qh4 35. Nf1 Rf2 36. Qe3 R5f3 0-1

[Event "Open Mediterranean 2017"]
[Site "Rijeka CRO"]
[Date "2009.11.29"]
[Round "3.29"]
[White "Drljevic, Ljilja"]
[Black "Haug, Marianne Wold"]
[Result "1-0"]
[WhiteElo "2218"]
[BlackElo "2005"]
[PlyCount "83"]
[EventDate "2009.11.28"]
[EventType "swiss"]
[EventRounds "9"]
[EventCountry "CRO"]
[Source "lmi"]
[SourceDate "2009.11.28"]

1. e4 c5 2. d3 g6 3. g3 Bg7 4. Bg2 Nc6 5. Nf3 e5 6. O-O Nge7 7. c3 O-O 8. a3 d5
9. Nbd2 d4 10. c4 Qc7 11. Rb1 a5 12. Re1 Bh6 13. h4 Bg4 14. Nf1 Bxc1 15. Qxc1
Kh8 16. N1h2 Bd7 17. h5 Ng8 18. Nh4 Qd8 19. Bf3 Qc8 20. Be2 Qd8 21. Kg2 Nf6 22.
hxg6 fxg6 23. Qh6 Qe8 24. Rh1 Qf7 25. Rbf1 Qg7 26. Qg5 Rg8 27. Ng4 Nxg4 28.
Bxg4 Bxg4 29. Qxg4 Raf8 30. Nf3 Qe7 31. Ng5 h5 32. Rxh5+ gxh5 33. Qxh5+ Kg7 34.
Qh7+ Kf6 35. Qf5+ Kg7 36. Ne6+ Qxe6 37. Qxe6 Rf7 38. Rh1 Kf8 39. Qd6+ Ke8 40.
Rh6 Rgf8 41. Re6+ Ne7 42. f3 1-0

[Event "Open Mediterranean 2017"]
[Site "Rijeka CRO"]
[Date "2009.11.29"]
[Round "3.30"]
[White "Nastic, Milorad"]
[Black "Franciskovic, Borka"]
[Result "0-1"]
[WhiteElo "2012"]
[BlackElo "2215"]
[PlyCount "110"]
[EventDate "2009.11.28"]
[EventType "swiss"]
[EventRounds "9"]
[EventCountry "CRO"]
[Source "lmi"]
[SourceDate "2009.11.28"]

1. e4 c6 2. d4 d5 3. Nc3 dxe4 4. Nxe4 Bf5 5. Ng3 Bg6 6. Nf3 Nd7 7. Bc4 e6 8.
O-O Ngf6 9. Re1 Be7 10. Bg5 O-O 11. c3 Re8 12. Ne5 Nd5 13. Bxe7 Qxe7 14. Qg4
Rad8 15. f4 Nxe5 16. Rxe5 Nf6 17. Qf3 Nd7 18. Re2 Qf6 19. Rae1 Kf8 20. Bd3 Bxd3
21. Qxd3 g6 22. Ne4 Qe7 23. g4 Kg7 24. g5 Nc5 25. Qh3 Nxe4 26. Rxe4 Qf8 27. Qg4
c5 28. Rd1 cxd4 29. Rexd4 Rxd4 30. Rxd4 Qc5 31. Kf1 e5 32. Re4 Rd8 33. fxe5
Qb5+ 34. Qe2 Rd1+ 35. Kf2 Qd5 36. Ke3 Qc5+ 37. Kf4 Qg1 38. Re3 Rf1+ 39. Rf3
Rxf3+ 40. Kxf3 Qxg5 41. Qe3 Qf5+ 42. Qf4 Qd3+ 43. Qe3 Qd1+ 44. Qe2 Qd7 45. c4
Qf5+ 46. Kg2 h5 47. b3 g5 48. c5 g4 49. b4 h4 50. a4 Qf4 51. Qb2 h3+ 52. Kg1
Qe3+ 53. Kf1 Qf3+ 54. Kg1 Qe3+ 55. Kf1 Kf8 0-1

[Event "Open Mediterranean 2017"]
[Site "Rijeka CRO"]
[Date "2009.11.29"]
[Round "3.31"]
[White "Stefan, Mario"]
[Black "Juranic, Bruno"]
[Result "1/2-1/2"]
[WhiteElo "1996"]
[BlackElo "2214"]
[PlyCount "58"]
[EventDate "2009.11.28"]
[EventType "swiss"]
[EventRounds "9"]
[EventCountry "CRO"]
[Source "lmi"]
[SourceDate "2009.11.28"]

1. e4 c5 2. c3 d5 3. exd5 Qxd5 4. Nf3 e5 5. d4 Bg4 6. Be2 e4 7. Nfd2 e3 8. Bxg4
Qxg2 9. Rf1 exd2+ 10. Nxd2 Nc6 11. Bf3 Qg6 12. Qa4 cxd4 13. cxd4 O-O-O 14. Bxc6
Qxc6 15. Qxa7 Bb4 16. a3 Qc2 17. f3 Bxd2+ 18. Bxd2 Re8+ 19. Kf2 Qxd2+ 20. Kg1
Re6 21. Qa8+ Kc7 22. Rac1+ Kb6 23. Kh1 Nf6 24. Qxh8 Nh5 25. Qb8 Nf4 26. Qc7+
Ka7 27. Qc5+ Ka8 28. Rc2 Re1 29. Qc8+ Ka7 1/2-1/2

[Event "Open Mediterranean 2017"]
[Site "Rijeka CRO"]
[Date "2009.11.29"]
[Round "3.32"]
[White "Arvola, Benjamin"]
[Black "Petrovic, Marko"]
[Result "1-0"]
[WhiteElo "2207"]
[BlackElo "1979"]
[PlyCount "93"]
[EventDate "2009.11.28"]
[EventType "swiss"]
[EventRounds "9"]
[EventCountry "CRO"]
[Source "lmi"]
[SourceDate "2009.11.28"]

1. e4 c6 2. d4 d5 3. e5 e6 4. Bd3 c5 5. c3 Nc6 6. Nf3 Bd7 7. O-O f6 8. Ng5 f5
9. Bxf5 exf5 10. e6 Nf6 11. exd7+ Qxd7 12. Re1+ Be7 13. Ne6 Kf7 14. Ng5+ Kg6
15. Bf4 Rhe8 16. Nd2 Bd6 17. Bxd6 Qxd6 18. dxc5 Qxc5 19. Ndf3 Rxe1+ 20. Qxe1
Re8 21. Qd2 Qc4 22. b3 Qe2 23. Qf4 h6 24. Nh4+ Kh5 25. Ngf3 Qe4 26. Qxf5+ Qxf5
27. Nxf5 Re4 28. Ng3+ Kg4 29. Nxe4 Nxe4 30. Rc1 Kf4 31. Kf1 g5 32. Nd4 Ne5 33.
g3+ Kg4 34. Ke2 Kh3 35. f3 Nc5 36. Nf5 Kxh2 37. Rd1 g4 38. fxg4 Ne4 39. Ke3
Nxc3 40. Rd2+ Kh3 41. Nxh6 Kxg3 42. g5 Kh4 43. Kd4 Kxg5 44. Kxc3 Kxh6 45. Rxd5
Nc6 46. Rd7 Kg6 47. Rxb7 1-0

[Event "Open Mediterranean 2017"]
[Site "Rijeka CRO"]
[Date "2009.11.29"]
[Round "3.33"]
[White "Sandalic, Josip"]
[Black "Tjolsen, Katrine"]
[Result "0-1"]
[WhiteElo "1971"]
[BlackElo "2194"]
[PlyCount "108"]
[EventDate "2009.11.28"]
[EventType "swiss"]
[EventRounds "9"]
[EventCountry "CRO"]
[Source "lmi"]
[SourceDate "2009.11.28"]

1. d4 f5 2. g3 Nf6 3. Bg2 e6 4. c4 c6 5. Nc3 d5 6. b3 Bd6 7. e3 O-O 8. Nge2 b6
9. a4 a5 10. O-O Qe7 11. Bd2 Ba6 12. cxd5 exd5 13. Re1 Nbd7 14. Qc2 Kh8 15. Kh1
Qe8 16. Ng1 Qh5 17. Nd1 Rac8 18. Bf1 Bxf1 19. Rxf1 c5 20. dxc5 Nxc5 21. Be1
Nxa4 22. Qe2 Qxe2 23. Nxe2 Nc5 24. Rb1 Nd3 25. Bc3 Rf7 26. Bxf6 Rxf6 27. Ndc3
Nb4 28. Rfd1 Kg8 29. Kg2 d4 30. exd4 Re6 31. Rd2 Kf7 32. Nb5 Nd5 33. Ng1 Bb4
34. Re2 Rxe2 35. Nxe2 Rc2 36. Ng1 Nf6 37. Nf3 Ne4 38. Ne5+ Ke6 39. Nd3 g5 40.
Rb2 Rxb2 41. Nxb2 Nc3 42. Nc7+ Kd7 43. Na6 Bf8 44. Nd3 Kc8 45. b4 a4 46. f4 a3
47. Nc1 gxf4 48. gxf4 Kb7 49. Nc5+ bxc5 50. bxc5 Kc6 51. Kf3 Bh6 52. Ke3 Bxf4+
53. Kd3 Bxc1 54. Kxc3 a2 0-1

[Event "Open Mediterranean 2017"]
[Site "Rijeka CRO"]
[Date "2009.11.29"]
[Round "3.34"]
[White "Solic, Kristina"]
[Black "Gradiser, Dragoljub"]
[Result "1-0"]
[WhiteElo "2190"]
[BlackElo "1964"]
[PlyCount "67"]
[EventDate "2009.11.28"]
[EventType "swiss"]
[EventRounds "9"]
[EventCountry "CRO"]
[Source "lmi"]
[SourceDate "2009.11.28"]

1. e4 c5 2. Nf3 Nc6 3. d4 cxd4 4. Nxd4 e6 5. Nc3 a6 6. Be3 Nge7 7. Be2 Ng6 8.
O-O Be7 9. a4 O-O 10. Kh1 Nxd4 11. Qxd4 e5 12. Qd2 d6 13. Nd5 Be6 14. Nb6 Rb8
15. a5 f5 16. exf5 Bxf5 17. Bc4+ Kh8 18. Bd5 Qc7 19. c4 Bd7 20. b4 Bc6 21. Rac1
Qd8 22. Rfd1 Nf4 23. Bxf4 Rxf4 24. Qe2 Qe8 25. Bxc6 bxc6 26. c5 Rd8 27. b5 Qf7
28. bxc6 Rxf2 29. Rf1 Rxf1+ 30. Rxf1 Bf6 31. Qxa6 dxc5 32. Qb7 Qb3 33. c7 Rd1
34. Qb8+ 1-0

[Event "Open Mediterranean 2017"]
[Site "Rijeka CRO"]
[Date "2009.11.29"]
[Round "3.35"]
[White "Klobucar, Damir"]
[Black "Kozarcanin, Sead"]
[Result "1/2-1/2"]
[WhiteElo "1958"]
[BlackElo "2187"]
[PlyCount "137"]
[EventDate "2009.11.28"]
[EventType "swiss"]
[EventRounds "9"]
[EventCountry "CRO"]
[Source "lmi"]
[SourceDate "2009.11.28"]

1. d4 d5 2. c4 c6 3. Nc3 Nf6 4. Nf3 a6 5. e3 Bf5 6. Bd3 Bxd3 7. Qxd3 e6 8. O-O
Nbd7 9. b3 Be7 10. Bb2 b5 11. cxd5 cxd5 12. a3 Rc8 13. Rfc1 O-O 14. e4 dxe4 15.
Nxe4 Nc5 16. Nxc5 Rxc5 17. Rxc5 Bxc5 18. Rc1 Bb6 19. a4 Qd5 20. Qc2 h6 21. b4
bxa4 22. Qxa4 Qb5 23. Qxb5 axb5 24. Rc6 Nd5 25. Ne5 Ra8 26. Nd7 Bd8 27. g3 Be7
28. Nb6 Nxb6 29. Rxb6 Ra2 30. Bc1 Ra1 31. Rc6 Bxb4 32. Kg2 Be7 33. Be3 b4 34.
Rc8+ Kh7 35. Rc7 Bf6 36. Rxf7 b3 37. Rb7 Rb1 38. Rb5 b2 39. Kf3 e5 40. dxe5
Bxe5 41. Rxe5 Rd1 42. Rb5 b1=Q 43. Rxb1 Rxb1 44. h3 Rb3 45. Kg2 Kg6 46. Bd4 Rd3
47. Bb6 Kf5 48. Ba7 g5 49. Bb6 Ke4 50. Bc5 h5 51. Bb6 Rb3 52. Ba7 Kd3 53. Be3
Rb5 54. Ba7 Re5 55. Bb8 Rf5 56. Ba7 Ke2 57. Be3 Rf3 58. Bb6 Rb3 59. Bd4 Rb5 60.
Be3 Ra5 61. Bb6 Rd5 62. Ba7 h4 63. g4 Rd6 64. Bc5 Re6 65. Bd4 Re7 66. Bc5 Rf7
67. Bd4 Rd7 68. Bc5 Rd5 69. Bb6 1/2-1/2

[Event "Open Mediterranean 2017"]
[Site "Rijeka CRO"]
[Date "2009.11.29"]
[Round "3.37"]
[White "Kukina, Mario"]
[Black "Klobucar, Dean"]
[Result "0-1"]
[WhiteElo "1949"]
[BlackElo "2174"]
[PlyCount "104"]
[EventDate "2009.11.28"]
[EventType "swiss"]
[EventRounds "9"]
[EventCountry "CRO"]
[Source "lmi"]
[SourceDate "2009.11.28"]

1. d4 Nf6 2. Nf3 g6 3. g3 Bg7 4. Bg2 O-O 5. O-O d6 6. c4 c6 7. Nc3 Bg4 8. h3
Bxf3 9. Bxf3 e5 10. dxe5 dxe5 11. Qb3 Qc7 12. e4 Na6 13. Be3 Nd7 14. Rad1 Nac5
15. Bxc5 Nxc5 16. Qa3 Ne6 17. Ne2 a5 18. b3 Rfd8 19. Qc1 Bf8 20. Bg4 Nc5 21.
Nc3 Rd4 22. Bf3 Rad8 23. Rxd4 Rxd4 24. Rd1 Qd8 25. Qc2 Nd3 26. Nd5 Nc5 27. Nc3
Qf6 28. Bg2 Ne6 29. Ne2 Rd8 30. Rd3 Bc5 31. Rxd8+ Nxd8 32. Nc1 Ne6 33. Nd3 b6
34. Nxc5 Nxc5 35. Qd2 Qe7 36. b4 axb4 37. Qxb4 Qa7 38. Qb2 f6 39. h4 Ne6 40.
Qb4 Kf7 41. a3 Nc7 42. g4 Qa5 43. Qb2 Ne6 44. Bf1 Qc5 45. Qc1 Qd4 46. c5 Nxc5
47. Qh6 Kg8 48. h5 Qxe4 49. Bg2 Qxg4 50. hxg6 Qxg6 51. Qd2 Nd3 52. Qa2+ Kg7 0-1

[Event "Open Mediterranean 2017"]
[Site "Rijeka CRO"]
[Date "2009.11.29"]
[Round "3.38"]
[White "Staberhofer, Rainer"]
[Black "Mikalsen, Erlend"]
[Result "1-0"]
[WhiteElo "2170"]
[BlackElo "1936"]
[PlyCount "91"]
[EventDate "2009.11.28"]
[EventType "swiss"]
[EventRounds "9"]
[EventCountry "CRO"]
[Source "lmi"]
[SourceDate "2009.11.28"]

1. e4 c5 2. Nf3 d6 3. Bb5+ Nc6 4. O-O Bd7 5. c3 Nf6 6. Re1 e5 7. d4 cxd4 8.
cxd4 Nxd4 9. Nxd4 exd4 10. Bxd7+ Qxd7 11. Qxd4 Be7 12. Nc3 O-O 13. Bg5 h6 14.
Bxf6 Bxf6 15. e5 Be7 16. Rad1 Rfd8 17. Ne4 d5 18. Nc3 Qe6 19. Nxd5 Bf8 20. Qe4
Rac8 21. Nc3 Rxd1 22. Rxd1 Qb6 23. Qe2 a6 24. h3 Rc6 25. Kh1 Qa5 26. f4 Re6 27.
Rd7 b5 28. f5 Re7 29. e6 fxe6 30. Rxe7 Bxe7 31. Qxe6+ Kf8 32. Nd5 Bh4 33. Nf4
Qe1+ 34. Qxe1 Bxe1 35. g4 Ke7 36. Kg2 a5 37. b3 a4 38. Kf3 axb3 39. axb3 Ba5
40. Ke4 Kf6 41. Ne6 g6 42. Nd4 b4 43. Nc6 Bb6 44. Nxb4 Bd8 45. Nd5+ Kg5 46. f6
1-0

[Event "Open Mediterranean 2017"]
[Site "Rijeka CRO"]
[Date "2009.11.29"]
[Round "3.39"]
[White "Lakovic, Igor"]
[Black "Sikanjic, Bojan"]
[Result "0-1"]
[WhiteElo "1940"]
[BlackElo "2160"]
[PlyCount "92"]
[EventDate "2009.11.28"]
[EventType "swiss"]
[EventRounds "9"]
[EventCountry "CRO"]
[Source "lmi"]
[SourceDate "2009.11.28"]

1. c4 Nf6 2. Nf3 g6 3. g3 Bg7 4. Bg2 O-O 5. O-O d6 6. Nc3 e5 7. d3 c6 8. Rb1 a5
9. a3 Re8 10. Qc2 h6 11. b4 axb4 12. axb4 Bf5 13. Nh4 Be6 14. b5 d5 15. bxc6
bxc6 16. cxd5 cxd5 17. Bd2 Qd7 18. Rfc1 Rc8 19. Qb2 e4 20. Bh1 g5 21. Ng2 Nc6
22. Qb7 Qxb7 23. Rxb7 Nd4 24. Kf1 exd3 25. exd3 Nf3 26. Ke2 Nd4+ 27. Kf1 Nf3
28. Ke2 Nxh2 29. Ne1 Nhg4 30. Nc2 Nxf2 31. Nxd5 Nxh1 32. Ne7+ Kh7 33. Nxc8 Bxc8
34. Rxf7 Nxg3+ 35. Kf2 Ngh5 36. Nb4 Kg6 37. Rcc7 Ng4+ 38. Kg2 Be5 39. Ra7 Rxa7
40. Rxa7 Bf5 41. Ra6+ Nhf6 42. d4 Bxd4 43. Nc6 Be4+ 44. Kg3 Bf2+ 45. Kh3 Bd3
46. Ra3 Bf1# 0-1

[Event "Open Mediterranean 2017"]
[Site "Rijeka CRO"]
[Date "2009.11.29"]
[Round "3.40"]
[White "Soric, Romeo"]
[Black "Camber, Ivan"]
[Result "0-1"]
[WhiteElo "2153"]
[BlackElo "1915"]
[PlyCount "74"]
[EventDate "2009.11.28"]
[EventType "swiss"]
[EventRounds "9"]
[EventCountry "CRO"]
[Source "lmi"]
[SourceDate "2009.11.28"]

1. Nf3 Nf6 2. g3 d5 3. Bg2 Bf5 4. O-O e6 5. d3 h6 6. Nbd2 Bc5 7. Qe1 O-O 8. e4
Bh7 9. e5 Nfd7 10. Qe2 Bb6 11. h4 c5 12. Re1 Nc6 13. Nf1 Rc8 14. Bf4 c4 15.
dxc4 dxc4 16. a3 Bd4 17. Rab1 Qb6 18. Red1 Rfd8 19. b4 Bxf2+ 20. Qxf2 Qxf2+ 21.
Kxf2 Bxc2 22. Rbc1 Bxd1 23. Rxd1 Nb6 24. Rc1 Rd3 25. N1d2 Rxa3 26. Nxc4 Ra2+
27. Kf1 Nxb4 28. Nxb6 Rxc1+ 29. Bxc1 Ra1 30. Ke2 Rxc1 31. Na4 b5 32. Nb6 axb6
33. Nd4 Nd5 34. Nxb5 Nc3+ 35. Kd2 Rg1 36. Bc6 Nxb5 37. Bxb5 Rxg3 0-1

[Event "Open Mediterranean 2017"]
[Site "Rijeka CRO"]
[Date "2009.11.29"]
[Round "3.41"]
[White "Mateljak, Goran"]
[Black "Gandrud, Vegar Koi"]
[Result "0-1"]
[WhiteElo "1936"]
[BlackElo "2143"]
[PlyCount "76"]
[EventDate "2009.11.28"]
[EventType "swiss"]
[EventRounds "9"]
[EventCountry "CRO"]
[Source "lmi"]
[SourceDate "2009.11.28"]

1. c4 c6 2. Nf3 d5 3. cxd5 cxd5 4. g3 Nc6 5. Bg2 e5 6. d3 Nf6 7. O-O Be7 8. Bg5
O-O 9. Nc3 Be6 10. a3 h6 11. Bxf6 Bxf6 12. Nd2 Be7 13. b4 Rc8 14. Rc1 a5 15. b5
Nd4 16. Ndb1 Qd7 17. a4 Bg5 18. Nd2 Bxd2 19. Qxd2 Nb3 20. Qb2 Nxc1 21. Rxc1 d4
22. Ne4 Rxc1+ 23. Qxc1 Rc8 24. Qb2 Qc7 25. f4 Qc1+ 26. Qxc1 Rxc1+ 27. Kf2 exf4
28. gxf4 Bb3 29. b6 Bxa4 30. Nd6 Bc6 31. Nxb7 Bxb7 32. Bxb7 Rb1 33. Bf3 Rxb6
34. e4 Rb2+ 35. Ke1 a4 36. Kd1 a3 37. Kc1 Rxh2 38. Kb1 Rd2 0-1

[Event "Open Mediterranean 2017"]
[Site "Rijeka CRO"]
[Date "2009.11.29"]
[Round "3.42"]
[White "Valenti, Giuseppe"]
[Black "Beljan, Mladen"]
[Result "1/2-1/2"]
[WhiteElo "2141"]
[BlackElo "1908"]
[PlyCount "116"]
[EventDate "2009.11.28"]
[EventType "swiss"]
[EventRounds "9"]
[EventCountry "CRO"]
[Source "lmi"]
[SourceDate "2009.11.28"]

1. e4 e5 2. Nf3 Nc6 3. Bb5 d6 4. Bxc6+ bxc6 5. d4 exd4 6. Nxd4 Bd7 7. O-O c5 8.
Nf3 Bg4 9. h3 Bxf3 10. Qxf3 Qf6 11. Qb3 Qe6 12. Qb7 Rc8 13. Nc3 Nf6 14. Nd5
Nxd5 15. exd5 Qd7 16. Qxa7 Be7 17. Qa5 O-O 18. Qd2 Bf6 19. c4 Rfe8 20. Qc2 Rb8
21. Rb1 Qe7 22. Be3 Qe5 23. b3 Qc3 24. Qxc3 Bxc3 25. Rfc1 Bf6 26. Rc2 Rb7 27.
Kf1 h6 28. Ke2 Ra8 29. Kd3 Rba7 30. a4 Rb7 31. Ra2 Rab8 32. Kc2 Rc8 33. a5 Bd4
34. a6 Ra7 35. Kd3 Bxe3 36. fxe3 Rb8 37. Ra3 Rb6 38. Rba1 Kf8 39. Kc3 Ke7 40.
Ra4 Kd7 41. e4 c6 42. b4 cxb4+ 43. Rxb4 Rbxa6 44. Rxa6 Rxa6 45. Rb7+ Ke8 46.
dxc6 Rxc6 47. Kd4 Ra6 48. Kd5 h5 49. Rb8+ Kd7 50. Rb7+ Ke8 51. g4 hxg4 52. hxg4
g5 53. Rc7 Rb6 54. Rc6 Rxc6 55. Kxc6 Ke7 56. Kd5 f6 57. Kc6 Ke6 58. Kc7 Ke7
1/2-1/2

[Event "Open Mediterranean 2017"]
[Site "Rijeka CRO"]
[Date "2009.11.29"]
[Round "3.43"]
[White "Thingstad, Anders"]
[Black "Thingstad, Even"]
[Result "0-1"]
[WhiteElo "1914"]
[BlackElo "2139"]
[PlyCount "148"]
[EventDate "2009.11.28"]
[EventType "swiss"]
[EventRounds "9"]
[EventCountry "CRO"]
[Source "lmi"]
[SourceDate "2009.11.28"]

1. d4 Nf6 2. c4 e6 3. Nc3 Bb4 4. e3 b6 5. Bd3 Bb7 6. Nf3 Ne4 7. Qc2 f5 8. O-O
Bxc3 9. bxc3 O-O 10. Nd2 Qh4 11. f3 Nxd2 12. Bxd2 Nc6 13. e4 fxe4 14. fxe4 d6
15. Be3 Ba6 16. Qe2 Na5 17. d5 e5 18. h3 h6 19. Kh2 Rae8 20. Bf2 Qg5 21. Rab1
Qg6 22. Bh4 Bc8 23. Bc2 Bd7 24. Rxf8+ Rxf8 25. Rf1 Rxf1 26. Qxf1 Qe8 27. Bb3 g5
28. Be1 Qf7 29. Qe2 Kg7 30. Bc2 Be8 31. Bd2 Qh5 32. Qxh5 Bxh5 33. Bd3 Be8 34.
Bc1 Bd7 35. Ba3 Kf6 36. Kg3 Bc8 37. Bb4 Nb7 38. Kf3 h5 39. Ba3 Bd7 40. g4 hxg4+
41. hxg4 Ba4 42. Ke3 Nd8 43. Bc1 Nf7 44. Be2 Nh6 45. Kf2 Kg6 46. Bf3 Ng8 47.
Ke3 Nf6 48. Kf2 Bd7 49. Kg3 Bc8 50. c5 dxc5 51. Bb2 Ba6 52. Kf2 Ne8 53. Be2 Bc8
54. Bf3 Bd7 55. Bc1 Ba4 56. Ke3 Bc2 57. Be2 Nd6 58. Bf3 Bb1 59. a3 Kf6 60. Bg2
a5 61. Bf3 Bc2 62. Bg2 a4 63. Bf3 b5 64. Bg2 Nc4+ 65. Ke2 b4 66. cxb4 cxb4 67.
axb4 a3 68. Bxa3 Nxa3 69. Kd2 Ba4 70. Kc3 Bb5 71. Bf3 Ke7 72. Bd1 Nc4 73. Be2
Nd6 74. Bf3 Nc8 0-1

[Event "Open Mediterranean 2017"]
[Site "Rijeka CRO"]
[Date "2009.11.29"]
[Round "3.44"]
[White "Levar, Nenad"]
[Black "Grguric, Daria"]
[Result "1-0"]
[WhiteElo "2138"]
[BlackElo "1884"]
[PlyCount "89"]
[EventDate "2009.11.28"]
[EventType "swiss"]
[EventRounds "9"]
[EventCountry "CRO"]
[Source "lmi"]
[SourceDate "2009.11.28"]

1. d4 e6 2. Nf3 Nf6 3. g3 d5 4. Bg2 Be7 5. O-O O-O 6. Nbd2 c6 7. c4 Nbd7 8. Qc2
Re8 9. e4 dxe4 10. Nxe4 Nxe4 11. Qxe4 Nf6 12. Qc2 Bd6 13. b3 e5 14. dxe5 Bxe5
15. Nxe5 Rxe5 16. Bb2 Bf5 17. Qc3 Re2 18. Rad1 Qb6 19. Rd2 Rae8 20. Bf3 R2e6
21. Kg2 Be4 22. Bxe4 Rxe4 23. Rd6 R4e6 24. Rfd1 Nh5 25. Qf3 Re2 26. Bd4 Qa5 27.
Rd7 Nf6 28. Bxf6 gxf6 29. Qxf6 Qh5 30. R1d4 Rxf2+ 31. Qxf2 Re2 32. Rxf7 Rxf2+
33. Rxf2 Qg5 34. Rff4 h5 35. h3 Qe7 36. Rfe4 Qa3 37. Rd2 Qb4 38. Rd7 Kf8 39.
Re2 b5 40. cxb5 cxb5 41. Rxa7 Qc5 42. Rae7 Qd5+ 43. Kh2 Qc5 44. R7e5 Qc3 45.
Rxh5 1-0

[Event "Open Mediterranean 2017"]
[Site "Rijeka CRO"]
[Date "2009.11.29"]
[Round "3.45"]
[White "Radmanovic, Lazar"]
[Black "Pejic, Irving"]
[Result "0-1"]
[WhiteElo "1890"]
[BlackElo "2132"]
[PlyCount "82"]
[EventDate "2009.11.28"]
[EventType "swiss"]
[EventRounds "9"]
[EventCountry "CRO"]
[Source "lmi"]
[SourceDate "2009.11.28"]

1. e4 d5 2. exd5 Qxd5 3. Nc3 Qa5 4. d4 Nf6 5. Bd2 Bf5 6. Nf3 e6 7. Bc4 c6 8. a3
Nbd7 9. O-O Bg4 10. Nd5 Qd8 11. Ne3 Bh5 12. Be2 Be7 13. Re1 Qc7 14. c4 O-O 15.
Rc1 Qb6 16. Bc3 Rfd8 17. Qa4 a5 18. c5 Qc7 19. Nc4 Qf4 20. Bd2 Qe4 21. Bc3 Nd5
22. Bd1 Nxc3 23. Rxc3 Qf4 24. Ncd2 Nf6 25. Rce3 Bg6 26. h3 Nd5 27. Rb3 Qc7 28.
Nc4 Bh5 29. Nb6 Nxb6 30. Rxb6 Bf6 31. Qb3 Bxf3 32. Bxf3 Rd7 33. Rd1 g6 34. d5
cxd5 35. Bxd5 Qxc5 36. Bf3 Rxd1+ 37. Bxd1 Rd8 38. Bf3 Qc1+ 39. Kh2 Be5+ 40. g3
Bd4 41. Rxb7 Bxf2 0-1

[Event "Open Mediterranean 2017"]
[Site "Rijeka CRO"]
[Date "2009.11.29"]
[Round "3.46"]
[White "Broekman, Willem"]
[Black "Pejic, Igor"]
[Result "1-0"]
[WhiteElo "2129"]
[BlackElo "1873"]
[PlyCount "37"]
[EventDate "2009.11.28"]
[EventType "swiss"]
[EventRounds "9"]
[EventCountry "CRO"]
[Source "lmi"]
[SourceDate "2009.11.28"]

1. d4 d5 2. c4 c6 3. Nf3 Nf6 4. Qb3 dxc4 5. Qxc4 Bf5 6. g3 e6 7. Nc3 Nbd7 8.
Bg2 c5 9. O-O Rc8 10. Ne5 cxd4 11. Qxd4 Bc5 12. Qa4 Qb6 13. Bg5 Rd8 14. e4 Bg6
15. Rad1 Qc7 16. Nxd7 Rxd7 17. e5 Nd5 18. Nxd5 exd5 19. Bh3 1-0

[Event "Open Mediterranean 2017"]
[Site "Rijeka CRO"]
[Date "2009.11.29"]
[Round "3.47"]
[White "Berke, Ana"]
[Black "Dubrovic, Mihovil"]
[Result "1-0"]
[WhiteElo "2123"]
[BlackElo "1811"]
[PlyCount "105"]
[EventDate "2009.11.28"]
[EventType "swiss"]
[EventRounds "9"]
[EventCountry "CRO"]
[Source "lmi"]
[SourceDate "2009.11.28"]

1. e4 e5 2. Nf3 Nc6 3. Bc4 Bc5 4. c3 Nf6 5. d4 exd4 6. cxd4 Bb4+ 7. Nc3 Nxe4 8.
O-O Bxc3 9. d5 Bf6 10. Re1 Ne7 11. Rxe4 d6 12. Bg5 Bxg5 13. Nxg5 h6 14. Qe2
hxg5 15. Re1 Be6 16. Qd2 Kf8 17. dxe6 f6 18. f4 f5 19. fxg5 d5 20. Rd4 Qd6 21.
g3 Qb6 22. Kg2 c5 23. Rxd5 Nxd5 24. Qxd5 Qc6 25. e7+ Ke8 26. Qxc6+ bxc6 27. g6
Kd7 28. Bf7 Rhe8 29. Bxe8+ Rxe8 30. Kf3 Rxe7 31. Rd1+ Ke6 32. Kf4 Rb7 33. Rd2
Rb4+ 34. Kf3 a5 35. h4 Rd4 36. Rc2 Rd3+ 37. Kf4 Rd4+ 38. Ke3 Re4+ 39. Kf3 Kd6
40. h5 Rg4 41. Re2 Rb4 42. a3 Rb8 43. Kf4 Rh8 44. Kg5 c4 45. Rf2 Ke6 46. Rf4
Rb8 47. Rxc4 Kd6 48. h6 gxh6+ 49. Kxh6 Kd5 50. Rf4 Ke5 51. g7 Kf6 52. g4 Ke5
53. Rxf5+ 1-0

[Event "Open Mediterranean 2017"]
[Site "Rijeka CRO"]
[Date "2009.11.29"]
[Round "3.48"]
[White "Lakic, Gojko"]
[Black "Sercer, Zoran"]
[Result "0-1"]
[WhiteElo "1880"]
[BlackElo "2116"]
[PlyCount "92"]
[EventDate "2009.11.28"]
[EventType "swiss"]
[EventRounds "9"]
[EventCountry "CRO"]
[Source "lmi"]
[SourceDate "2009.11.28"]

1. e4 c6 2. d4 d5 3. exd5 cxd5 4. Nf3 Nc6 5. Bb5 a6 6. Bxc6+ bxc6 7. c3 Nf6 8.
Nbd2 e6 9. Ne5 Qc7 10. O-O Bd6 11. f4 c5 12. Re1 O-O 13. Ndf3 Ne4 14. g3 f6 15.
Nd3 c4 16. Nf2 f5 17. Ne5 Bd7 18. Qf3 Rf6 19. Nh3 Raf8 20. Kg2 Be8 21. Nf2 Rh6
22. Nxe4 fxe4 23. Qf2 Bxe5 24. dxe5 Bh5 25. Qd4 Bf3+ 26. Kg1 Rh3 27. b4 h5 28.
Qf2 h4 29. gxh4 Qf7 30. Re3 Qxf4 31. Rxf3 Qxf3 32. Qxf3 Rhxf3 33. Bg5 Rxc3 34.
a4 e3 35. b5 axb5 36. axb5 e2 37. Be7 Rf1+ 38. Rxf1 exf1=Q+ 39. Kxf1 Rb3 40.
Ke2 Rb2+ 41. Ke3 Rxh2 42. Kd4 Rd2+ 43. Kc3 Rd3+ 44. Kb4 Kf7 45. Bd6 Rb3+ 46.
Ka5 Rh3 0-1

[Event "Open Mediterranean 2017"]
[Site "Rijeka CRO"]
[Date "2009.11.29"]
[Round "3.49"]
[White "Kolanovic, Kazimir"]
[Black "Draskovic, Luka"]
[Result "0-1"]
[WhiteElo "1673"]
[BlackElo "2113"]
[PlyCount "62"]
[EventDate "2009.11.28"]
[EventType "swiss"]
[EventRounds "9"]
[EventCountry "CRO"]
[Source "lmi"]
[SourceDate "2009.11.28"]

1. d4 Nf6 2. c4 e6 3. a3 d5 4. Nc3 Be7 5. Bf4 c6 6. e3 O-O 7. Nf3 Nbd7 8. cxd5
exd5 9. Bd3 Re8 10. h3 Nf8 11. O-O Ng6 12. Bh2 Bd6 13. Rb1 Ne4 14. Qc2 f5 15.
Nd2 Bxh2+ 16. Kxh2 Nh4 17. Be2 Qd6+ 18. Kh1 Qg6 19. Bf3 Nxd2 20. Qxd2 Nxf3 21.
gxf3 Qh5 22. Kg2 f4 23. Rh1 Qg5+ 24. Kf1 fxe3 25. fxe3 Rxe3 26. Qg2 Qf6 27. Kf2
Re7 28. Ne2 Bf5 29. Rbd1 Rae8 30. Rd2 Qh4+ 31. Qg3 Rxe2+ 0-1